| 000 | 01428cam a22003011 4500 | ||
|---|---|---|---|
| 001 | gs 68000205 | ||
| 003 | DLC | ||
| 005 | 20260227111422.0 | ||
| 008 | 710913s1967 lauab b 00010 eng c | ||
| 010 | _ags 68000205 //r933 | ||
| 040 |
_aU.S. Geol. Survey. Libr. _cDLC _dDLC |
||
| 043 | _an-us-la | ||
| 050 | 1 | 0 | _aGB705.L8A3 no. 12 |
| 100 | 1 | 0 |
_aCardwell, G. T. _q(George T.), _d1922- |
| 245 | 1 | 0 |
_aWater resources of the Lake Pontchartrain area, Louisiana, _cby G. T. Cardwell, M. J. Forbes, Jr., and M. W. Gaydos. |
| 260 | 0 |
_aBaton Rouge, _bDept. of Conservation, Louisiana Geological Survey and Louisiana Dept. of Public Works, _c1967. |
|
| 300 |
_avi, 105 p. _billus., maps (part fold.) _c23 cm. |
||
| 410 | 1 | 0 |
_aLouisiana. _bGeological Survey. _tWater resources bulletin _vno. 12 |
| 500 | _aPrepared by Sewerage and Water Board of New Orleans in cooperation with the U.S. Geological Survey, under the auspices of State of Louisiana, Dept. of Conservation, Geological Survey and Dept. of Public Works. | ||
| 504 | _aBibliography: p. 77-80. | ||
| 650 | 0 |
_aWater-supply _zLouisiana _zLake Pontchartrain Region. |
|
| 650 | 0 |
_aGroundwater _zLouisiana _zLake Pontchartrain Region. |
|
| 650 | 0 |
_aStream measurements _zLouisiana. |
|
| 700 | 1 | 0 |
_aForbes, Max J., _d1930- _ejoint author. |
| 700 | 1 | 0 |
_aGaydos, M. W., _d1938- _ejoint author. |
| 710 | 2 | 0 | _aGeological Survey (U.S.) |
| 710 | 1 | 0 |
_aNew Orleans. _bSewerage and Water Board. |
| 999 |
_c30444 _d30444 |
||